| 000 | 00512nam a2200217Ia 4500 | ||
|---|---|---|---|
| 008 | 210210b1931 xxu||||| |||| 00| 0 eng d | ||
| 041 | _aeng | ||
| 082 | _a334/11 | ||
| 100 | _aCHAND (Gyan) | ||
| 245 | _aSome aspects of fiscal reconstruction in India | ||
| 260 |
_aLondon _bOxford University Press _c1931 |
||
| 650 | _aSome | ||
| 650 | _areconstruction | ||
| 650 | _aof | ||
| 650 | _aIndia | ||
| 650 | _ain | ||
| 650 | _afiscal | ||
| 650 | _aaspects | ||
| 690 | _aPublic Finance | ||
| 906 | _a004275 | ||
| 999 |
_c123937 _d123937 |
||